Can You Name All The Characteristics Of Max From Brawl Stars? - Statistics

General Stats
  • This quiz has been taken 2 times
  • The average score is 7 of 15
Answer Stats
Hint Answer % Correct
Rarity Mythic
100%
Star Power Run n' Gun
100%
Title I Am Speed
50%
Buffies No
50%
Trait No
50%
Gadgets Phase Shifter
50%
Gadgets Sneaky Sneakers
50%
Star Power Super Charged
50%
Trio Superheroes
50%
Class Support
50%
Prestige Title Too Fast
50%
Attack Faster Blaster
0%
Super Let's Go
0%
Voice Actor Sandra Osborne
0%
Hypercharge Unlimited Energy
0%
No matching quizzes found
Score Distribution
Percent of People with Each Score
Percentile by Number Answered
Your Score History
You have not taken this quiz